| 000 | 00000nam 2200000za 4500 |
| 001 | 9.843677 |
| 003 | CaOODSP |
| 005 | 20221107152557 |
| 007 | cr ||||||||||| |
| 008 | 170914s1949 onc |oi f|0| 0 eng d |
| 040 | |aCaOODSP|beng |
| 043 | |an-cn--- |
| 086 | 1 |aCS62-505/1949E-PDF |
| 245 | 00|aPrice index numbers of residential building materials, 1926 to 1948 (base, 1935-39 : 100) |h[electronic resource]. |
| 260 | |aOttawa : |bDominion Bureau of Statistics, |c1949. |
| 300 | |a11 p. : |bcharts. |
| 500 | |aDigitized edition from print [produced by Statistics Canada]. |
| 500 | |a"A special bulletin. See 'Prices and Price Index Numbers' for later figures in this series." |
| 500 | |a"March 23, 1949." |
| 500 | |aCover title. |
| 692 | 07|2gccst|aPrice indexes |
| 692 | 07|2gccst|aConstruction materials |
| 710 | 1 |aCanada. |bDominion Bureau of Statistics. |bLabour and Prices Division. |
| 710 | 1 |aCanada. |bDepartment of Trade and Commerce. |
| 856 | 40|qPDF|s2.01 MB|uhttps://publications.gc.ca/collections/collection_2017/statcan/CS62-505-1949-eng.pdf |
| 986 | |a62-505 |